000 00332nam a22000977a 4500
008 160222b xxu||||| |||| 00| 0 eng d
100 _aFeldman, David
245 _aThe "Treskilling" Yellow, The Unique Error of Colour
_bAuction Catalog Nov. 8, 1996
260 _bDavid Fedman
_c1996
650 _aSweden, | Treskilling, | Errors and Varities
999 _c1795
_d1795